| 000 | 00691nam a2200229Ia 4500 | ||
|---|---|---|---|
| 003 | OSt | ||
| 005 | 20260202154403.0 | ||
| 008 | 210716s2015 xx 000 0 und d | ||
| 020 | _a9789351109129 | ||
| 040 | _cAIMIT LIBRARY | ||
| 041 | _aeng | ||
| 082 |
_a658.4013 _21 _bHUMJ |
||
| 100 |
_aHumble, Jez;Molesky, Joanne;Oreilly, Barry. _9253573 |
||
| 245 |
_aLean enterprise. _cBy Jez Humble ; Joanne Molesk ; Barry Oreilly. |
||
| 250 | _a1 | ||
| 260 |
_aNew Delhi _bShroff Publishers and Distributors Pvt Ltd _c2015 |
||
| 300 | _axxi,317,19 | ||
| 650 |
_aEnterprise Resources _9253574 |
||
| 700 |
_aMolesky, Joanne. _9253575 |
||
| 700 |
_aOreilly, Barry. _9253576 |
||
| 942 |
_2ddc _cBK |
||
| 999 |
_c195232 _d195232 |
||